000 00476nam a2200169Ia 4500
003 OSt
005 20260304113250.0
008 211028s2006 xx 000 0 und d
040 _cAIMIT LIBRARY
041 _aeng
100 _aMoras, Jeevan Lloyd; Rebello, Santhosh.
_g30910195
_92541
110 _aVatsa, Ruchika.
_92542
245 _aWeb based activity tracking system /
260 _aMangalore
_c2006
710 _aRobosoft Techologies Pvt Ltd
_92543
942 _2ddc
_cPRO
999 _c216932
_d216932